LEADER 02410nas 2200709-a 450 001 996216985103316 005 20240223213016.0 011 $a1460-2482 035 $a(DE-599)ZDB2009225-8 035 $a(OCoLC)48954892 035 $a(CKB)954925431359 035 $a(CONSER)--2002238601 035 $a(EXLCZ)99954925431359 100 $a20020207a19479999 s-- - 101 0 $aeng 135 $aurcn||||||||| 181 $ctxt$2rdacontent 182 $cc$2rdamedia 183 $acr$2rdacarrier 200 10$aParliamentary affairs 210 $aOxford, UK $cOxford University Press 300 $aRefereed/Peer-reviewed 300 $aAbstracts and table of contents for 1996- also available online. 311 $a0031-2290 531 $aPARLIAMENT AFF 531 $aPARLIAM AFF 531 $aPARLIAM. AFF 606 $aRepresentative government and representation$vPeriodicals 606 $aLegislative bodies$vPeriodicals 606 $aParlements$zGrande-Bretagne$vPériodiques 606 $aLegislative bodies$2fast$3(OCoLC)fst00995690 606 $aPolitics and government$2fast$3(OCoLC)fst01919741 606 $aRepresentative government and representation$2fast$3(OCoLC)fst01094941 606 $aParlamentarismus$2gnd 606 $aZeitschrift$2gnd 606 $aOnline-Ressource$2gnd 606 $aPolitik$2gnd 606 $aPolitics and Government$2ukslc 607 $aGreat Britain$xPolitics and government$vPeriodicals 607 $aGrande-Bretagne$xPolitique et gouvernement$vPériodiques 607 $aGreat Britain$2fast$1https://id.oclc.org/worldcat/entity/E39PBJdmp7p3cx8hpmJ8HvmTpP 608 $aPeriodicals.$2fast 608 $aZeitschrift.$2swd 608 $aElektronische Publikation.$2swd 615 0$aRepresentative government and representation 615 0$aLegislative bodies 615 6$aParlements 615 7$aLegislative bodies. 615 7$aPolitics and government 615 7$aRepresentative government and representation. 615 7$aParlamentarismus 615 7$aZeitschrift 615 7$aOnline-Ressource 615 7$aPolitik 615 7$aPolitics and Government. 676 $a328.42 712 02$aHansard Society for Parliamentary Government. 712 02$aOxford University Press. 906 $aJOURNAL 912 $a996216985103316 996 $aParliamentary affairs$9789376 997 $aUNISA LEADER 03507oas 2201309 a 450 001 9910139951803321 005 20251105213014.0 011 $a1615-3146 035 $a(DE-599)ZDB2010233-1 035 $a(DE-599)2010233-1 035 $a(OCoLC)44807157 035 $a(CONSER) 2009247768 035 $a(CKB)960988195006 035 $a(EXLCZ)99960988195006 100 $a20000817b20002006 sy 101 0 $aeng 135 $aurcnu|||||||| 181 $ctxt$2rdacontent 182 $cc$2rdamedia 183 $acr$2rdacarrier 200 10$aEuropean journal of trauma 210 $a[Munich] $cUrban & Vogel 300 $aRefereed/Peer-reviewed 311 08$a1439-0590 606 $aWounds and injuries$vPeriodicals 606 $aTraumatology$vPeriodicals 606 $aOrthopedic surgery$vPeriodicals 606 $aWounds and injuries 606 $aCritical care medicine 606 $aMedical emergencies 606 $aWounds and Injuries 606 $aCritical Care 606 $aEmergencies 606 $aLe?sions et blessures$vPe?riodiques 606 $aTraumatologie$vPe?riodiques 606 $aChirurgie orthope?dique$vPe?riodiques 606 $aLe?sions et blessures 606 $aSoins intensifs 606 $aUrgences me?dicales 606 $aMedical emergencies$2fast$3(OCoLC)fst01014070 606 $aCritical care medicine$2fast$3(OCoLC)fst00883647 606 $aOrthopedic surgery$2fast$3(OCoLC)fst01048559 606 $aTraumatology$2fast$3(OCoLC)fst01155549 606 $aWounds and injuries$2fast$3(OCoLC)fst01181488 606 $aTraumatologia$2thub 606 $aCirurgia ortopèdica$2thub 608 $aPeriodical. 608 $aperiodicals.$2aat 608 $aPeriodicals.$2fast 608 $aPeriodicals.$2lcgft 608 $aPe?riodiques.$2rvmgf 608 $aRevistes electròniques.$2thub 615 0$aWounds and injuries 615 0$aTraumatology 615 0$aOrthopedic surgery 615 0$aWounds and injuries. 615 0$aCritical care medicine. 615 0$aMedical emergencies. 615 2$aWounds and Injuries. 615 2$aCritical Care. 615 2$aEmergencies. 615 6$aLe?sions et blessures 615 6$aTraumatologie 615 6$aChirurgie orthope?dique 615 6$aLe?sions et blessures. 615 6$aSoins intensifs. 615 6$aUrgences me?dicales. 615 7$aMedical emergencies. 615 7$aCritical care medicine. 615 7$aOrthopedic surgery. 615 7$aTraumatology. 615 7$aWounds and injuries. 615 7$aTraumatologia. 615 7$aCirurgia ortopèdica. 676 $a617.1 712 02$aEuropean Trauma Society 801 0$bOH1 801 1$bOH1 801 2$bOCLCQ 801 2$bMUQ 801 2$bCGU 801 2$bFQM 801 2$bOCLCQ 801 2$bOCL 801 2$bPFM 801 2$bUKMGB 801 2$bOCLCQ 801 2$bOCLCF 801 2$bOCLCQ 801 2$bUAB 801 2$bZ5A 801 2$bOCLCO 801 2$bOCLCQ 801 2$bBUF 801 2$bOCLCO 801 2$bAU@ 801 2$bOCLCO 801 2$bWYU 801 2$bOCLCO 801 2$bOCLCQ 801 2$bOCLCO 801 2$bQGK 801 2$bOCLCO 801 2$bOCLCQ 801 2$bOCL 801 2$bAUD 801 2$bSFB 801 2$bOCLCL 906 $aJOURNAL 912 $a9910139951803321 996 $aEuropean journal of trauma$92289337 997 $aUNINA